Statistiques concernant Dieux de la mythologie mésopotamienne

Cliquez ici pour prendre le quiz!

Statistiques générales

  • Ce quiz a été pris 78 fois
  • Le résultat moyen est 6 sur 20

Statistiques - réponses

DescriptionSumérien% Correct
Ishtar
74%
Dieu du CielAn
54%
Dieu de la sagesse, de la terre et des eauxEnki
54%
Roi des dieuxEnlil
54%
Enlil/Ellil
54%
Anu
41%
Déesse de l'amour et de la guerreInnana
37%
Ereshkigal
35%
Reine des enfersEreshkigal
35%
Shamash
30%
Tiamat
30%
Dieu du SoleilUtu
30%
Ea/Aya
28%
Sîn
28%
Dieu de la LuneNanna/Su'en
24%
Dieu de l'abondanceDumuzi
9%
Dieu-guerrier associé à l'agricultureNinurta
7%
Ninurta
7%
Tammuz
7%
Déesse de la créationNamma
2%

Distribution des résultats

Percentile par nombre de réponses

% des personnes avec chaque résultat

Votre développement - résultats

Vous n’avez pas pris ce quiz